000 01317nam a22002777a 4500
001 BRCA_9198
003 FranzMayer
005 20220809125543.0
008 220711b |||||||| |||| 00| 0 spa d
020 _a9782072852312
040 _bspa
_cMFM
041 _afre
050 _aTP925.C63
_bR67 2021
100 _aRoque, Georges,
_d1951-
_eautor.
_94514
245 1 3 _aLa cochenille, de la teinture à la peinture :
_bUne histoire matérielle de la couleur /
_cGeorge Roque
260 _aFrancia :
_bGallimard,
_c2021
300 _a325 p. :
_bil. col. ;
_c16 x 22 cm.
490 _aArt et artistes
500 _aUbicación: L60-N1
500 _aIncluye imágenes de piezas del Museo Franz Mayer (pp. 37, 152, 192)
520 _aEl libro de Georges Roque, uno de los mayores especialistas mundiales en color en el arte, está dedicado al pigmento rojo extraído de la cochinilla, un insecto hemíptero que los pintores utilizaron a partir de la segunda mitad del siglo XVI para remontarse a la creación de este color que, como otros de la Edad Media, se obtenía mediante la preparación, la molienda de insectos, plantas, minerales o moluscos.
650 _aHistoria
_xCochinilla
_xColores
_928438
650 _aTintes y teñido
_xRojo
_xColores
_xHistoria
_928439
942 _2lcc
_cB
999 _c10817
_d10817